| 000 | 01050nam a2200193Ia 4500 | ||
|---|---|---|---|
| 999 |
_c10022 _d10022 |
||
| 005 | 20231123092729.0 | ||
| 008 | 231123s9999 xx 000 0 und d | ||
| 020 | _a950-724-190-6 | ||
| 040 |
_aUPAN _cBiblioteca San Vicente _eRCAA2 |
||
| 041 | _aspa | ||
| 082 |
_a302.3 _bA588m _c1999 |
||
| 100 |
_aAtunes, Celso _4aut. |
||
| 245 | 0 |
_aManual de técnicas: _bDe dinamica de grupo, de sensibilización y lúdico pedagógicas/ _cCelso Atunes; Pablo Reyes |
|
| 260 |
_aArgentina: _bLumen, _c1999 |
||
| 300 |
_a228 p.; _c22 cm. |
||
| 505 | _aEste libro representa el producto de una experiencia de veinticinco años en trabajo de dinámica de grupos, tanto en escuelas de primer, segundo y tercer nivel, actuando como profesor, orientador, educador y director, como en empresas de naturaleza diversa, organizando y conduciendo seminarios en el área de gerencia y recursos humanos, y también en cursos de entrenamiento y reciclaje de personal, o identificación de liderazgos. | ||
| 650 |
_2LEMB _aDinámicas de grupò _vManual |
||
| 942 |
_cBK _2ddc |
||